[Event "Medellin Flores op 30th"]
[Site "Medellin"]
[Date "2023.08.05"]
[Round "5"]
[White "Barragan, Luis"]
[Black "Gomez Saenz, Manuela"]
[Result "0-1"]
[WhiteElo "1387"]
[BlackElo "1450"]
[PlyCount "44"]
[EventDate "2023.08.03"]
[EventType "swiss"]
[EventRounds "9"]
[EventCountry "COL"]
[SourceTitle "EXT 2024"]
[Source "ChessBase"]
[SourceDate "2023.10.10"]
[SourceVersion "1"]
[SourceVersionDate "2023.10.10"]
[SourceQuality "1"]

1. e4 c5 2. Bc4 Nf6 3. d3 a6 4. a3 Nc6 5. Be3 d6 6. h3 g6 7. Nf3 Bg7 8. Nc3 Bd7 9. Ng5 e6 10. Ba2 0-0 11. 0-0 Bc8 12. Qd2 b6 13. f4 Bb7 14. f5 d5 15. fxe6 d4 16. exf7+ Kh8 17. Ne6 Qd6 18. Nxf8 dxe3 19. Qxe3 Ng4 20. hxg4 Bd4 21. Nxg6+ hxg6 22. Qxd4+ Qxd4+ 0-1

[Event "Manizales Americas op"]
[Site "Manizales"]
[Date "2022.10.17"]
[Round "8"]
[White "Gomez Saenz, Manuela"]
[Black "Martinez Montero, Mateo"]
[Result "1-0"]
[WhiteElo "1478"]
[BlackElo "1594"]
[PlyCount "65"]
[EventDate "2022.10.14"]
[EventType "swiss"]
[EventRounds "8"]
[EventCountry "COL"]
[SourceTitle "CBM 210 Extra"]
[Source "ChessBase"]
[SourceDate "2022.11.30"]
[SourceVersion "1"]
[SourceVersionDate "2022.11.30"]
[SourceQuality "1"]

1. e4 c5 2. Nf3 Nc6 3. d4 d6 4. Nc3 Nf6 5. Bg5 Bg4 6. h3 Bh5 7. g4 Bg6 8. Bxf6 exf6 9. d5 Ne5 10. Nxe5 fxe5 11. Bb5+ Ke7 12. Qd2 f6 13. h4 Qa5 14. h5 Be8 15. Bxe8 Kxe8 16. f4 Be7 17. Rf1 Qd8 18. Qf2 Rf8 19. Ne2 h6 20. Ng3 Kd7 21. Nf5 Rg8 22. Qe2 a6 23. a4 g6 24. Nxh6 Rg7 25. fxe5 fxe5 26. g5 Qe8 27. Qg4+ Kc7 28. Qe6 Bxg5 29. Rf7+ Rxf7 30. Qxf7+ Qxf7 31. Nxf7 Rf8 32. Nxg5 gxh5 33. Ne6+ 1-0

[Event "Manizales Departamental-ch (Women) 2nd"]
[Site "Manizales"]
[Date "2022.07.15"]
[Round "2"]
[White "Zambrano, Karina"]
[Black "Gomez Saenz, Manuela"]
[Result "1-0"]
[WhiteElo "1705"]
[BlackElo "1478"]
[PlyCount "49"]
[EventDate "2022.07.14"]
[EventType "tourn"]
[EventRounds "7"]
[EventCountry "COL"]
[SourceTitle "EXT 2024"]
[Source "ChessBase"]
[SourceDate "2023.10.10"]
[SourceVersion "1"]
[SourceVersionDate "2023.10.10"]
[SourceQuality "1"]

1. d4 Nf6 2. Nf3 g6 3. Bf4 Bg7 4. e3 d6 5. h3 Nbd7 6. c3 0-0 7. Be2 e5 8. dxe5 dxe5 9. Nxe5 Ne4 10. Nxd7 Bxd7 11. Nd2 Re8 12. Nxe4 Rxe4 13. Bf3 Re8 14. 0-0 c6 15. Qb3 b6 16. Rfd1 Qe7 17. Qa4 Rec8 18. Rd2 a5 19. Rad1 Ra7 20. Bg3 b5 21. Qe4 Be6 22. Qc2 a4 23. b3 axb3 24. axb3 Ra3 25. Bd6 1-0

[Event "COL Subzt 2.3.4 (Women)"]
[Site "Risarald"]
[Date "2021.11.27"]
[Round "8"]
[White "Gomez Saenz, Manuela"]
[Black "Carrillo Riano, Karen Sofia"]
[Result "1-0"]
[WhiteElo "1494"]
[BlackElo "1443"]
[PlyCount "31"]
[EventDate "2021.11.23"]
[EventType "swiss"]
[EventRounds "9"]
[EventCountry "COL"]
[SourceTitle "CBM 205 Extra"]
[Source "ChessBase"]
[SourceDate "2022.01.31"]
[SourceVersion "1"]
[SourceVersionDate "2022.01.31"]
[SourceQuality "1"]

1. e4 c5 2. Nf3 e6 3. d4 cxd4 4. Nxd4 a6 5. Nc3 b5 6. g3 Bb7 7. Bg2 Nf6 8. Qe2 b4 9. Na4 Nc6 10. Be3 Ne7 11. Nc5 Bc8 12. Bg5 Qb6 13. Ncb3 d5 14. Bxf6 gxf6 15. exd5 Nxd5 16. Bxd5 1-0

[Event "COL Subzt 2.3.4 (Women)"]
[Site "Risarald"]
[Date "2021.11.25"]
[Round "5"]
[White "Hernandez Sandoval, Silvia Nathalia"]
[Black "Gomez Saenz, Manuela"]
[Result "1-0"]
[WhiteElo "1600"]
[BlackElo "1494"]
[PlyCount "75"]
[EventDate "2021.11.23"]
[EventType "swiss"]
[EventRounds "9"]
[EventCountry "COL"]
[SourceTitle "CBM 205 Extra"]
[Source "ChessBase"]
[SourceDate "2022.01.31"]
[SourceVersion "1"]
[SourceVersionDate "2022.01.31"]
[SourceQuality "1"]

1. e4 c5 2. Nf3 d6 3. Nc3 Nf6 4. e5 dxe5 5. Nxe5 Qc7 6. Bb5+ Nbd7 7. Nxd7 Bxd7 8. Bxd7+ Qxd7 9. d3 g6 10. f3 Bg7 11. Be3 Nd5 12. Nxd5 Qxd5 13. c3 0-0 14. Qd2 Rad8 15. h4 Qxd3 16. Qxd3 Rxd3 17. Bxc5 Rd7 18. g4 Rd5 19. Be3 Re5 20. Kf2 h5 21. Bd4 Rd5 22. Bxg7 Kxg7 23. Rad1 Rfd8 24. Ke2 Kf6 25. Rxd5 Rxd5 26. Rd1 Rxd1 27. Kxd1 hxg4 28. fxg4 Ke5 29. h5 gxh5 30. gxh5 Kf5 31. b4 Kg5 32. c4 Kxh5 33. b5 b6 34. a4 Kg5 35. c5 Kf5 36. cxb6 axb6 37. a5 Ke6 38. a6 1-0

[Event "COL-ch sf (Women)"]
[Site "Santa Rosa"]
[Date "2021.08.12"]
[Round "1"]
[White "Mateus, Martha"]
[Black "Gomez Saenz, Manuela"]
[Result "1-0"]
[WhiteElo "2048"]
[BlackElo "1547"]
[PlyCount "43"]
[EventDate "2021.08.12"]
[EventType "swiss"]
[EventRounds "9"]
[EventCountry "COL"]
[SourceTitle "CBM 204 Extra"]
[Source "ChessBase"]
[SourceDate "2021.11.30"]
[SourceVersion "1"]
[SourceVersionDate "2021.11.30"]
[SourceQuality "1"]

1. d4 Nf6 2. Nc3 g6 3. e4 d6 4. Bg5 Bg7 5. e5 dxe5 6. dxe5 Qxd1+ 7. Rxd1 Ng4 8. h3 Nxe5 9. Nd5 0-0 10. Nxc7 Nec6 11. c3 Bf5 12. Nxa8 Be5 13. Nf3 Bd6 14. Rxd6 exd6 15. Nc7 Nd7 16. Bb5 Be4 17. Nd2 Bxg2 18. Rh2 Rc8 19. Rxg2 Rxc7 20. Ne4 d5 21. Nf6+ Kg7 22. Ne8+ 1-0

[Event "COL-ch sf"]
[Site "Palmira"]
[Date "2020.11.16"]
[Round "8"]
[White "Gomez Saenz, Manuela"]
[Black "Taborda Borja, Valeria"]
[Result "1-0"]
[WhiteElo "1564"]
[BlackElo "1089"]
[PlyCount "55"]
[EventDate "2020.11.12"]
[EventType "swiss"]
[EventRounds "8"]
[EventCountry "COL"]
[SourceTitle "CBM 199 Extra"]
[Source "ChessBase"]
[SourceDate "2021.01.31"]
[SourceVersion "1"]
[SourceVersionDate "2021.01.31"]
[SourceQuality "1"]

1. e4 e5 2. Nf3 Nc6 3. d4 d6 4. Bc4 Nf6 5. dxe5 dxe5 6. Qxd8+ Nxd8 7. Nxe5 Bd6 8. Nd3 0-0 9. e5 Nd7 10. exd6 cxd6 11. 0-0 Re8 12. Nc3 Nb6 13. Bb3 Nc6 14. Bf4 Bf5 15. Bxd6 Rad8 16. Rae1 Rxe1 17. Rxe1 Nc8 18. Bc7 Rf8 19. Re3 Nd4 20. h4 Bxd3 21. Rxd3 Re8 22. Rxd4 Re1+ 23. Kh2 Re8 24. Rd7 Nb6 25. Bxb6 axb6 26. Bxf7+ Kf8 27. Bxe8 Kxe8 28. Rxg7 1-0

[Event "COL-chT 21st"]
[Site "Cartagena"]
[Date "2019.11.30"]
[Round "4.3"]
[White "Gomez Saenz, Manuela"]
[Black "Mateus, Martha"]
[Result "0-1"]
[WhiteElo "1523"]
[BlackElo "1945"]
[PlyCount "138"]
[EventDate "2019.11.30"]
[EventType "team-swiss"]
[EventRounds "9"]
[EventCountry "COL"]
[SourceTitle "CBM 195 Extra"]
[Source "ChessBase"]
[SourceDate "2020.05.31"]
[SourceVersion "1"]
[SourceVersionDate "2020.05.31"]
[SourceQuality "1"]
[WhiteTeam "Caldas"]
[BlackTeam "Valle"]
[WhiteTeamCountry "COL"]
[BlackTeamCountry "COL"]

1. e4 c5 2. Nf3 a6 3. d4 cxd4 4. Nxd4 Nf6 5. Nc3 e5 6. Nde2 Bb4 7. Bd2 0-0 8. g3 Nc6 9. Bg2 d6 10. 0-0 h6 11. Kh1 Qc7 12. f4 Bg4 13. Qe1 Bxc3 14. Nxc3 Nd4 15. Rc1 Qb6 16. h3 Be6 17. b3 Bd7 18. Be3 Rac8 19. Ne2 Bc6 20. Qd2 Nxe4 21. Bxe4 Bxe4+ 22. Kh2 Rxc2 23. Rxc2 Bxc2 24. Qxc2 Nxc2 25. Bxb6 Nb4 26. fxe5 Re8 27. Nc3 Rxe5 28. Bc7 Re3 29. Rc1 d5 30. Bf4 Rd3 31. Kg2 d4 32. Ne4 Nxa2 33. Rc7 Rxb3 34. Nc5 Rb2+ 35. Kf3 b5 36. Nxa6 b4 37. Nc5 b3 38. Rb7 Rc2 39. Nxb3 Rc3+ 40. Ke2 g5 41. Bd2 Rxg3 42. Nxd4 Rxh3 43. Rb2 Nc3+ 44. Ke1 Rh1+ 45. Kf2 Ne4+ 46. Ke3 Nxd2 47. Rxd2 Rh3+ 48. Kf2 Kg7 49. Nf5+ Kg6 50. Kg2 Ra3 51. Ne3 Ra6 52. Rd5 h5 53. Kg3 f6 54. Ng2 Ra3+ 55. Kf2 g4 56. Nf4+ Kh6 57. Rxh5+ Kg7 58. Rh4 Rf3+ 59. Kg2 Rxf4 60. Kg3 Ra4 61. Rxg4+ Rxg4+ 62. Kxg4 Kg6 63. Kf3 Kf5 64. Ke3 Kg4 65. Kf2 Kf4 66. Kf1 Kf3 67. Ke1 f5 68. Kf1 f4 69. Kg1 Ke2 0-1